LEADER 02928nam 2200649 a 450 001 9910813040403321 005 20240516183015.0 010 $a9786613688859 010 $a9781119966937 010 $a1119966930 010 $a9781119965909 010 $a111996590X 010 $a9781119965893 010 $a1119965896 010 $a9781280778469 010 $a1280778466 010 $a9781119966920 010 $a1119966922 035 $a(CKB)4330000000002628 035 $a(Au-PeEL)EBL945184 035 $a(CaPaEBR)ebr10575640 035 $a(CaONFJC)MIL368885 035 $a(PPN)170252663 035 $a(FR-PaCSA)88808466 035 $a(MiAaPQ)EBC945184 035 $a(OCoLC)796214929 035 $a(FRCYB88808466)88808466 035 $a(EXLCZ)994330000000002628 100 $a20111128d2012 uy 0 101 0 $aeng 135 $aurcn||||||||| 181 $2rdacontent 182 $2rdamedia 183 $2rdacarrier 200 10$aAdvanced computational dynamics of particles, materials and structures $e[a unified approach] /$fJason Har and Kumar K. Tamma 205 $a2nd ed. 210 $aWest Sussex [England] $cJohn Wiley & Sons$d2012 215 $axxiv, 686 p. $cill 311 08$a9780470749807 311 08$a0470749806 320 $aIncludes bibliographical references and index. 327 $apt. 1. N-body dynamical systems -- pt. 2. Continuous-body dynamical systems -- pt. 3. The time dimension. 330 $a"Advanced Computational Dynamicsof Particles, Materials, and Structures: A Unified Approach breaks new ground with its in-depth, detailed coverage of modern computational mechanics in particle and continuum dynamics. Kumar Tamma provides a unique blend of classical and innovative theoretical and computational approaches that cover both particle dynamics and flexible continuum structural dynamics applications. He covers both traditional methods and new developments & perspectives in both time and space discretization, encompassing classical Newtonian, Lagrangian, and Hamiltonian mechanics as well as new and alternate contemporary approaches and their equivalences to address various problems in engineering sciences and physics. The completeness and depth of coverage makes Advanced Computational Dynamics of Particles, Materials, and Structures an invaluable reference for both engineers and researchers working in the field of computational mechanics"--$cProvided by publisher. 606 $aDynamics 606 $aDynamics$xData processing 615 0$aDynamics. 615 0$aDynamics$xData processing. 676 $a531/.163 700 $aHar$b Jason$01669041 701 $aTamma$b Kumar K$01669042 801 0$bMiAaPQ 801 1$bMiAaPQ 801 2$bMiAaPQ 906 $aBOOK 912 $a9910813040403321 996 $aAdvanced computational dynamics of particles, materials and structures$94030069 997 $aUNINA